000 00717nam a2200289Ia 4500
005 20260324142620.0
008 008 260324s9999 xx 000 0 eng d
020 _a9780203485989
037 _aEBOOK
040 _aCRL
040 _beng
040 _cCRL
041 _2eng
041 _aeng
084 _qCRL
100 _aCatherine Marshall
_91086987
245 4 _aThe New Politics Of Race And Gender
245 4 _bThe 1992 Yearbook Of The Politics Of Education Association
260 _bTaylor and Francis
260 _c1994
365 _a
365 _b290
856 _uhttp://www.taylorfrancis.com/books/9780203485989
942 _cEBOOK
999 _c1816995
_d1816995